000 00608nam a2200205 i 4500
001 97870
003 ES-MaACL
005 20231220202822.0
007 t|
008 050719s1909 fr ||||1| fre d
100 1 _aMarinesco, Georges.
_9172560
245 1 3 _aLa cellule nerveuse /
_cpar Georges Marinesco ; préface de Ramón y Cajal.
260 _aParis :
_bOctave Doin,
_c1909.
300 _a2 v. :
_bil. ;
_c18 cm.
650 4 _aNeuronas.
_9172561
650 4 _aCerebro.
_910903
700 1 _aRamón y Cajal, Santiago,
_d1852-1934
_9226468
852 _aES-MaACL
_jD-4315-16
999 _c97870
_d97870